Liedtext - Küssen kann man nicht alleine - Max Raabe - Statistiken

Allgemein
  • Dieses Quiz wurde 99 mal gespielt
  • Das Durchschnittsergebnis liegt bei 170 aus 299
Antwortstatistiken
Textquiz % Korrekt
Kuss
100%
Allein
99%
nicht
99%
Kann
98%
kann
98%
Küssen
98%
man
98%
alleine
91%
Da
91%
ich
88%
Ich
88%
den
83%
das
82%
Das
82%
an
80%
ein
80%
zu
80%
Denn
79%
der
79%
eine
79%
Und
78%
und
78%
Mund
77%
einen
76%
nen
76%
brauch
73%
brauch'
73%
die
73%
Die
73%
Du
72%
du
72%
nur
70%
Nur
70%
mir
68%
ander'n
67%
dazu
67%
and're
66%
auch
66%
dir
66%
es
66%
ist
66%
Ist
66%
zweit
66%
bin
63%
Bin
63%
im
63%
kein
63%
mich
63%
Mich
63%
wär'
63%
auf
62%
dass
62%
geht
61%
mit
61%
keinen
57%
sag
57%
sag'
57%
Ihr
56%
mein
55%
Fall
54%
Grund
54%
Hab'
54%
was
54%
in
52%
weiß
51%
Wie
51%
bereit
50%
Doch
50%
für
50%
wenn
50%
Wenn
50%
zum
50%
Alles
49%
bei
49%
meine
49%
vor
49%
ab
48%
dem
45%
weit
45%
sich
44%
Zeit
44%
bist
43%
keiner
43%
habe
41%
hin
41%
weil
41%
aus
40%
selbst
40%
unmöglich
40%
besser
38%
gut
38%
Doppelchor
35%
genau
35%
mal
35%
Sing
35%
weißt
35%
weiter
35%
kennt
34%
sehr
34%
krieg'
33%
scheiter'
33%
Weg
33%
hier
32%
gibt's
30%
meist
30%
nehm'
30%
wozu
30%
Hand
29%
probier'
29%
Schachpartien
29%
vertane
29%
wär's
29%
allen
28%
Besiege
28%
käm'
28%
Assistent
27%
Griff
27%
Halt
26%
hilft
26%
kläglich
26%
Punkt
26%
selber
26%
Wand
26%
Couch
24%
fähig
24%
Gedichte
24%
glaub'
24%
meiste
24%
schmeiß'
24%
verziehn
24%
Beichte
23%
brechen
23%
les'
23%
müsste
23%
staunt
23%
Versuche
23%
Zweifel
23%
Käpt'n
22%
Lanze
22%
Reich'
22%
Sache
22%
Schiff
22%
Staffelstab
22%
Trag'
22%
Bescheid
21%
bestechen
21%
Hau'
21%
klappt
21%
klatsch'
21%
schmeißt
21%
aufs
20%
endlich
20%
gerade
20%
Krisen
20%
'rein
20%
eignen
18%
kapieren
18%
Nasenbein
18%
'raus
18%
danach
17%
enden
17%
Führ'
17%
lach'
17%
Lösung
17%
Meditieren
17%
Miesen
17%
Psychoanalysestund'n
17%
Stell'
17%
Fahr'
16%
Gerat'
15%
hinten
15%
lüg'
15%
Pokerrund'n
13%
Spionier'
13%
agieren
10%
Keine übereinstimmenden Quizze gefunden
Verteilung der Resultate
Anzahl Personen mit jedem Resultat
Perzentil nach korrekt beantworteten Fragen
Ihre Resultats-Entwicklung
Sie haben dieses Quiz noch nicht gespielt